Tài liệu luyện thi TOEFL : TOEFL CBT Practice tests : CD2 - Time: 80', Track 8, Practice test: 3-5 [Đĩa CD-ROM] /
Spremljeno u:
| Autor kompanije: | |
|---|---|
| Format: | CD |
| Oznake: |
Dodaj oznaku
Bez oznaka, Budi prvi tko označuje ovaj zapis!
|
| Thư viện lưu trữ: | Thư viện Trường Đại học Đà Lạt |
|---|
| LEADER | 00635nam a2200241 4500 | ||
|---|---|---|---|
| 001 | DLU040029304 | ||
| 005 | ##20040928 | ||
| 040 | # | # | |a DLU |b vie |
| 082 | # | # | |a 428 |b PET |
| 110 | # | # | |a Peterson's 2001 |
| 245 | # | # | |a Tài liệu luyện thi TOEFL : |b TOEFL CBT Practice tests : CD2 - Time: 80', Track 8, Practice test: 3-5 [Đĩa CD-ROM] / |c Peterson's 2001 |
| 256 | # | # | |a 4 3/4 in. |
| 300 | # | # | |a 1 đĩa CD-ROM 4 3/4 in. |
| 923 | # | # | |a 10/2004 |
| 992 | # | # | |a 10000 |
| 994 | # | # | |a DLU |
| 900 | # | # | |a True |
| 911 | # | # | |a Phan Ngọc Đông |
| 925 | # | # | |a CD |
| 926 | # | # | |a A |
| 927 | # | # | |a CD |
| 980 | # | # | |a Thư viện Trường Đại học Đà Lạt |